000 00990nmm a2200313 a 4500
003 AR-BaBNM
005 20251128211054.0
008 032020s1998 ||||||||||||||000 | spa||
020 _a9968-778-19-2
040 _cAR-BaBNM
110 2 _aInstituto Interamericano de Derechos Humanos
245 1 0 _aManual de educación en derechos humanos
_bniveles primario y secundario. Versión preliminar
260 _aSan José
_bInstituto Interamericano de Derechos Humanos
_c1998
_bUnesco
300 0 _a161 p.
650 4 _aDERECHOS HUMANOS
650 4 _aEDUCACION PARA LA PAZ
650 4 _aDERECHOS DEL NINO
650 4 _aDERECHOS CIVILES Y POLITICOS
650 4 _aDERECHOS CULTURALES
650 4 _aDERECHOS DE LA MUJER
650 4 _aDERECHOS SOCIALES Y ECONOMICOS
650 4 _aACTIVIDADES DE APRENDIZAJE
650 4 _aJUEGOS EDUCATIVOS
653 0 _aTEMAS TRANSVERSALES
653 0 _aPROYECTOS DE AULA
653 0 _aESTRATEGIAS DIDACTICAS
942 _cBK
998 _craquel
999 _c18104
_d18104